00540nam a22001457a 4500008004100000020001800041050002200059100001700081245011200098260006600210300003800276650004100314700001800355700002100373171205b xxu||||| |||| 00| 0 eng d a9789966252685 aPJ 7816 .S55 2003 aShihemi, Joy aEntre Copains 2 : ba French course book for secondary schools /cJoy Shihemi, Joy Simekha & James Odhiambo aNairobi : bEast African Educational Publishers LTD., cc2003 aviii, 137 p. : col. ill. ; 26 cm. aFrench language -- Secondary schools aSimekha, Joy  aOdhiambo, James.